000 01004cam a2200253 a 4500
001 000010111
005 20200929161840.0
008 930806s1989 sp a b 001 pdspa d
020 _a8478200282
040 _aDO-SdBNP
_bspa
_cIU
_dBNPHU
082 _a861.64
_bL869p
100 1 _aLorenzo de Blancas, Benedicto.
_d1920-
_917349
245 1 0 _aPoetas aragoneses :
_bel grupo del Niké /
_cBenedicto Lorenzo de Blancas.
260 _aZaragoza, (España) :
_bInstitución Fernando el Católico,
_c1989.
300 _a127 p. :
_bil. ;
_c22 cm.
490 1 _aInstitucion Fernando el Católico
_v1190
504 _aIncluye referencias bibliográficas (p. 125-127).
650 4 _aPoesía española
_zEspaña
_zAragón
_xHistoria y crítica
_925107
650 4 _aPoesía española
_ySIGLO XX
_xHistoria y crítica
_925108
650 4 _aPoetas españoles
_zEspaña
_zAragón
_xBi0grafías
_925109
830 0 _aInstitucion Fernando el Catolico ;
_v1190.
_916722
910 _aCatalogación por copia / LC
049 _aBNGR
999 _c9870
_d9870